| 000 | 00534nam a2200205Ia 4500 | ||
|---|---|---|---|
| 005 | 20250505145743.0 | ||
| 008 | 008 250505s9999 xx 000 0 eng d | ||
| 037 | _aTextbook | ||
| 040 |
_aFML _beng _cFML |
||
| 041 |
_aeng _2eng |
||
| 084 |
_aNR4447, R4 _qFML |
||
| 100 | _aRaina, S | ||
| 245 | 0 | _aClassical MUSIC of Kashmir… | |
| 260 |
_aGurugram , Haryana _bShubhi Pub. _c2024 |
||
| 300 | _a116p | ||
| 365 |
_aINR _b495 |
||
| 650 | _aMusic | ||
| 942 |
_cTB _hNR4447, R4 |
||
| 999 |
_c1311775 _d1311775 |
||